| 000 | 02446cam a22004337i 4500 | ||
|---|---|---|---|
| 999 |
_c9451 _d9451 |
||
| 001 | 18448093 | ||
| 003 | GBCCL | ||
| 005 | 20241126110712.0 | ||
| 008 | 150114r20151993cou b 000 0 eng d | ||
| 010 | _a 2015930829 | ||
| 020 |
_a9780781412568 _q(hardcover) |
||
| 020 |
_a0781412560 _q(hardcover) |
||
| 020 | _a9780781414197 (softcover) | ||
| 035 | _a(OCoLC)ocn945774680 | ||
| 040 |
_aIGA _beng _cIGA _erda _dOCLCF _dOCLCQ _dB@L _dZ0P _dDLC |
||
| 042 | _alccopycat | ||
| 050 | 0 | 0 |
_aBS2785.52 _b.J47 2015 |
| 082 | 0 | 4 |
_a227.9106 _223 _bJER |
| 100 | 1 |
_aJeremiah, David, _d1941- _eauthor. _916487 |
|
| 240 | 1 | 0 | _aTurning toward integrity |
| 245 | 1 | 0 |
_aWhat to do when you don't know what to do / _cDr. David Jeremiah. |
| 246 | 3 | _aWhat to do when you do not know what to do | |
| 264 | 1 |
_aSecunderabad : _bGS Books, _c2021. |
|
| 300 |
_a272 pages ; _c22 cm |
||
| 336 |
_atext _btxt _2rdacontent |
||
| 337 |
_aunmediated _bn _2rdamedia |
||
| 338 |
_avolume _bnc _2rdacarrier |
||
| 504 | _aIncludes bibliographical references (pages 343-363). | ||
| 505 | 0 | _aWhat to do when the heat's turned up -- What to do when wrong seems right -- What to do when the mirror doesn't lie -- What to do when justice isn't blind -- What to do when faith doesn't work -- What to do when your tongue isn't tied -- What to do when wisdom is foolish -- What to do when worship turns to war -- What to do when your goals are not God's -- What to do when your net worth is worthless -- What to do when you're in a hurry and God isn't -- What to do when pain leads to prayer. | |
| 520 | _aSometimes the big and small decisions in life seem overwhelming. How do you know what choices to make about your career, kids, relationships? Even when you make good decisions, how do you avoid temptation along the way? In this book, the author walks you through the book of James to glean God's wisdom on issues such as finances, faith, and decision making. | ||
| 650 | 0 |
_aIntegrity _xBiblical teaching. _916488 |
|
| 650 | 0 |
_aDecision making. _916489 |
|
| 650 | 7 |
_aDecision making. _2fast _0(OCoLC)fst00889035 _916489 |
|
| 650 | 7 |
_aIntegrity _xBiblical teaching. _2fast _0(OCoLC)fst00975676 _916488 |
|
| 775 | 0 | 8 |
_iReproduction of (manifestation): _aJeremiah, David, 1941- _tTurning toward integrity. _d[Wheaton, IL] : Victor Books, 1993 |
| 906 |
_a7 _bcbc _ccopycat _d2 _eepcn _f20 _gy-gencatlg |
||
| 942 |
_2ddc _cBK _02 |
||